000 00494nam a2200181Ia 4500
008 131103s9999 xx 000 0 und d
040 _aLoreto College
041 _aEnglish
082 _a301/PRI
_bLCBED/13058
245 _aSocial sciences
_cEdited by Anita Priyadarshini
260 _aNew Delhi
_bNational open school
_c1999
300 _aV.4
_c 24cm.
650 _aEducation
651 _aSocial science
700 _aPriyadarshini, Anita; ed.
850 _aLCBED/301/PRI
942 _cBK
999 _c34134
_d84613